| 000 | 00635nam a2200229Ia 4500 | ||
|---|---|---|---|
| 003 | OSt | ||
| 005 | 20221005093231.0 | ||
| 006 | a|||||r|||| 00| 0 | ||
| 007 | ta | ||
| 008 | 221004b |||||||| |||| 00| 0 eng d | ||
| 024 | _a120572 | ||
| 037 |
_bGift, 04/08/2012, _cTextual |
||
| 040 |
_aCRL _cCRL _beng |
||
| 041 |
_2eng _aeng |
||
| 082 | _aU:6RN:N5, J0 | ||
| 100 |
_aLudwig Emil _975182 |
||
| 245 | 0 |
_aNile _b The life story of a river |
|
| 260 |
_aNew York _bViking Press USA _c1937 |
||
| 650 | _aGEOGRAPHY | ||
| 942 |
_hU:6RN:N5, J0 _cTEXL _2cc |
||
| 999 |
_c1000025 _d1000025 |
||